000 00754nam a2200265 4500
003 OSt
005 20260601193524.0
008 260506b2002 ne a|||| |||| 00| 0 eng d
020 _a9063690282
020 _a9789063690281
040 _aICI
_bspa
_cICI
050 _aTS171
_bB43 2002
245 1 _aBD 03 :
_bproduct and packaging design.
264 _bBIS Publishers,
_c2002.
_aAmsterdam :
300 _a60 páginas
_c30cm.
336 _atexto
_2rdacontent
337 _asin medio
_2rdamedia
338 _avolumen
_2rdacarrier
650 _aIndustrial design.
_935517
650 _aPackaging
_xDesign.
_935518
650 _aProduct design
_935519
650 _aCommercial art.
_935520
650 _aMarketing
_xDesign aspects.
_935521
942 _2lcc
_cB
999 _c21126
_d21126